[Event "GER-chT U12"]
[Site "Muenchen"]
[Date "2022.12.28"]
[Round "4"]
[White "Freude, Paul"]
[Black "Merenda, Lukas Benedikt"]
[Result "1-0"]
[WhiteElo "1491"]
[BlackElo "1502"]
[PlyCount "33"]
[EventDate "2022.12.26"]
[EventType "team-swiss"]
[EventRounds "7"]
[EventCountry "GER"]
[SourceTitle "CBM 212 Extra"]
[Source "ChessBase"]
[SourceDate "2023.03.31"]
[SourceVersion "1"]
[SourceVersionDate "2023.03.31"]
[SourceQuality "1"]
[WhiteTeam "Berlin Empor"]
[BlackTeam "Muenchen SF"]
[WhiteTeamCountry "GER"]
[BlackTeamCountry "GER"]

1. e4 c5 2. Nf3 Nc6 3. d4 cxd4 4. Nxd4 Nf6 5. Nc3 e5 6. Ndb5 d6 7. Bg5 a6 8. Na3 b5 9. Nd5 Be7 10. Bxf6 Bxf6 11. c3 0-0 12. Be2 Bg5 13. 0-0 Ne7 14. Nc2 Nxd5 15. Qxd5 Qc7 16. Rad1 Rd8 17. Nb4 1-0

[Event "GER-chT U14"]
[Site "Willingen"]
[Date "2022.08.15"]
[Round "6.1"]
[White "Braeutigam, Alexander"]
[Black "Freude, Paul"]
[Result "1/2-1/2"]
[WhiteElo "1771"]
[BlackElo "1477"]
[PlyCount "152"]
[EventDate "2022.08.13"]
[EventType "team-swiss"]
[EventRounds "7"]
[EventCountry "GER"]
[SourceTitle "EXT 2023"]
[Source "ChessBase"]
[SourceDate "2022.10.05"]
[SourceVersion "1"]
[SourceVersionDate "2022.10.05"]
[SourceQuality "1"]
[WhiteTeam "Kiel Doppelbauer"]
[BlackTeam "Berlin Empor"]
[WhiteTeamCountry "GER"]
[BlackTeamCountry "GER"]

1. c4 c5 2. g3 g6 3. Bg2 Bg7 4. Nc3 Nc6 5. d3 e6 6. a3 Nge7 7. Nf3 a6 8. 0-0 0-0 9. Rb1 d5 10. Qc2 Nf5 11. b4 Nfd4 12. Nxd4 Nxd4 13. Qd2 cxb4 14. axb4 dxc4 15. dxc4 Qc7 16. e3 Nc6 17. Qc2 Bxc3 18. Qxc3 a5 19. Bb2 f6 20. b5 Nb4 21. Rbd1 Rb8 22. Rd2 e5 23. Rfd1 Be6 24. c5 b6 25. c6 Rbd8 26. Ba3 Rxd2 27. Qxd2 Qe7 28. h4 Kf7 29. Bxb4 Qxb4 30. Qxb4 axb4 31. Bd5 Ra8 32. e4 Ke7 33. Bxe6 Kxe6 34. Rb1 Ra4 35. Rc1 Ra8 36. Rc4 b3 37. Rb4 Ra3 38. Kh2 Kd6 39. Kg2 Kc5 40. c7 Ra8 41. Rxb3 Rc8 42. Kf3 Rxc7 43. Rc3+ Kd6 44. Rd3+ Ke7 45. Ke3 Rc5 46. Rb3 Kd6 47. Rd3+ Ke6 48. Rb3 f5 49. f3 h6 50. Kd2 fxe4 51. fxe4 Rc4 52. Kd3 Rc5 53. Ke3 Kf6 54. g4 Ke6 55. Kd2 Rc4 56. Kd3 Rc5 57. Kd2 Ke7 58. g5 h5 59. Rf3 Rxb5 60. Rf6 Rb2+ 61. Ke3 Rh2 62. Rxb6 Rh3+ 63. Kd2 Rxh4 64. Ke3 Rh3+ 65. Ke2 Rh2+ 66. Ke3 Rg2 67. Rxg6 h4 68. Rh6 Rg3+ 69. Kf2 Rg4 70. Kf3 Rf4+ 71. Ke3 Kf7 72. g6+ Kg7 73. Rh5 Kxg6 74. Rxe5 Rf1 75. Re8 Kg7 76. Re5 Kg6 1/2-1/2

[Event "GER-ch U12"]
[Site "Willingen"]
[Date "2022.06.10"]
[Round "8"]
[White "Freude, Paul"]
[Black "Aniol, Nico"]
[Result "0-1"]
[WhiteElo "1415"]
[BlackElo "1494"]
[PlyCount "84"]
[EventDate "2022.06.04"]
[EventType "swiss"]
[EventRounds "9"]
[EventCountry "GER"]
[SourceTitle "CBM 208 Extra"]
[Source "ChessBase"]
[SourceDate "2022.07.31"]
[SourceVersion "1"]
[SourceVersionDate "2022.07.31"]
[SourceQuality "1"]

1. e4 c6 2. d4 d5 3. exd5 cxd5 4. Bd3 Nc6 5. c3 Nf6 6. h3 e5 7. dxe5 Nxe5 8. Bc2 Bc5 9. Ne2 0-0 10. 0-0 h6 11. Bf4 Re8 12. Nd2 Nc6 13. b4 Bd6 14. Bxd6 Qxd6 15. Nc4 Qc7 16. Ne3 Be6 17. Bb3 Rad8 18. Qc2 Qb6 19. Ba4 Rc8 20. Qb2 Red8 21. Rad1 Na5 22. Bb3 Nxb3 23. axb3 Rd7 24. Rd3 Rcd8 25. Rfd1 Qd6 26. f4 Qb6 27. Nd4 Rd6 28. Kh2 a6 29. Nef5 Bxf5 30. Nxf5 R6d7 31. c4 Qe6 32. Rxd5 Rxd5 33. Rxd5 Rxd5 34. Nd4 Rxd4 35. Qxd4 Qe4 36. Qxe4 Nxe4 37. Kg1 Nd2 38. Kf2 Kf8 39. Ke3 Nxb3 40. Kd3 Ke7 41. Kc3 Nc1 42. f5 Ne2+ 0-1

[Event "GER-ch U12"]
[Site "Willingen"]
[Date "2022.06.05"]
[Round "1"]
[White "Freude, Paul"]
[Black "Schuricht, Emil Frederick"]
[Result "1-0"]
[WhiteElo "1415"]
[BlackElo "1641"]
[PlyCount "43"]
[EventDate "2022.06.04"]
[EventType "swiss"]
[EventRounds "9"]
[EventCountry "GER"]
[SourceTitle "CBM 208 Extra"]
[Source "ChessBase"]
[SourceDate "2022.07.31"]
[SourceVersion "1"]
[SourceVersionDate "2022.07.31"]
[SourceQuality "1"]

1. e4 c6 2. d4 d5 3. exd5 cxd5 4. Bd3 Nc6 5. c3 Nf6 6. h3 g6 7. Bf4 Bf5 8. Nf3 Qb6 9. Bxf5 Qxb2 10. Bd3 Qxa1 11. Qc2 Rc8 12. 0-0 Nb4 13. Qa4+ Nc6 14. Qb3 Ne4 15. Bxe4 dxe4 16. Ng5 Nd8 17. Nxe4 f5 18. Nc5 b6 19. Na4 Bg7 20. Bc1 Bxd4 21. Bb2 Bxf2+ 22. Kxf2 1-0

[Event "GER-ch U18 sf Berlin Online"]
[Site "Playchess.com INT"]
[Date "2020.05.01"]
[Round "10"]
[White "Hoffmann, Tom"]
[Black "Freude, Paul"]
[Result "0-1"]
[WhiteElo "1528"]
[BlackElo "1620"]
[PlyCount "134"]
[EventDate "2020.05.01"]
[EventType "swiss (blitz)"]
[EventRounds "13"]
[EventCountry "GER"]
[SourceTitle "CBM 195 Extra"]
[Source "ChessBase"]
[SourceDate "2020.05.31"]
[SourceVersion "1"]
[SourceVersionDate "2020.05.31"]
[SourceQuality "1"]

1. d4 Nf6 2. Bf4 d5 3. Nf3 c5 4. c3 Qb6 5. Qb3 c4 6. Qxb6 axb6 7. Nbd2 Nc6 8. Ne5 Nxe5 9. Bxe5 Ng4 10. Bg3 Bf5 11. e4 dxe4 12. Bxc4 e3 13. Bb5+ Kd8 14. Nf3 exf2+ 15. Bxf2 Nxf2 16. Kxf2 e6 17. Ne5 Bg6 18. Rhd1 Kc7 19. d5 Bc5+ 20. Kf1 exd5 21. Rxd5 Rhd8 22. Rad1 Rxd5 23. Rxd5 Rxa2 24. Rd7+ Kb8 25. Nxf7 Ra1+ 26. Ke2 Bh5+ 27. Kd2 Rd1+ 28. Kc2 Rxd7 29. Bxd7 Bxf7 30. b4 Bd6 31. g3 Kc7 32. Bf5 g6 33. Be4 Be6 34. Kd3 b5 35. Kd4 Bf7 36. Bd3 b6 37. Bxb5 h5 38. Bd3 Bf8 39. b5 Bg7+ 40. Ke4 Bxc3 41. Kf4 Bf6 42. h3 Be8 43. g4 g5+ 44. Kf5 hxg4 45. Kxf6 gxh3 46. Kxg5 Bxb5 47. Be4 Bc6 48. Kg4 h2 49. Kh3 Bxe4 50. Kxh2 b5 51. Kg3 b4 52. Kf2 Bc2 53. Ke2 b3 54. Kd2 Kb6 55. Kc3 Kb5 56. Kb2 Kb4 57. Kc1 Ka3 58. Kd2 Ka2 59. Kc1 b2+ 60. Kxc2 b1Q+ 61. Kc3 Qb5 62. Kd4 Qc6 63. Ke5 Qd7 64. Ke4 Kb3 65. Ke5 Kc4 66. Ke4 Qe7+ 67. Kf5 Kd4 0-1

[Event "GER-ch U18 sf Berlin Online"]
[Site "Playchess.com INT"]
[Date "2020.05.01"]
[Round "8"]
[White "Kempe, Caius Emilian"]
[Black "Freude, Paul"]
[Result "1-0"]
[WhiteElo "1484"]
[BlackElo "1620"]
[PlyCount "89"]
[EventDate "2020.05.01"]
[EventType "swiss (blitz)"]
[EventRounds "13"]
[EventCountry "GER"]
[SourceTitle "CBM 195 Extra"]
[Source "ChessBase"]
[SourceDate "2020.05.31"]
[SourceVersion "1"]
[SourceVersionDate "2020.05.31"]
[SourceQuality "1"]

1. b3 b6 2. Bb2 Bb7 3. e3 e5 4. Bxe5 d6 5. Bb2 Nf6 6. d4 Be7 7. c4 0-0 8. Nf3 Nbd7 9. Be2 c5 10. d5 a6 11. Nbd2 Rb8 12. 0-0 Ba8 13. Bd3 b5 14. Qc2 bxc4 15. bxc4 Qc7 16. Rab1 Rb6 17. Bc3 Rfb8 18. Ba5 Bd8 19. Bxb6 Rxb6 20. Rxb6 Qxb6 21. Rb1 Qa5 22. Nb3 Qa3 23. h3 Ne5 24. Nxe5 dxe5 25. f3 h6 26. Kf2 Be7 27. Bf5 g6 28. Bd3 Nh5 29. Nd2 Bh4+ 30. Kg1 Ng3 31. Ne4 Nxe4 32. Bxe4 f5 33. Bxf5 gxf5 34. Rb8+ Kg7 35. Rxa8 Qxe3+ 36. Kh2 Qf4+ 37. Kh1 Qd4 38. Qc1 Bg5 39. Qf1 Qb2 40. Rxa6 Qb7 41. Rc6 Kf7 42. Rxc5 Qb6 43. Rb5 Qa6 44. Qb1 Kg6 45. Rb6+ 1-0

[Event "GER-chT U12"]
[Site "Magdeburg"]
[Date "2019.12.29"]
[Round "6.2"]
[White "Spinka, Georg Kamil"]
[Black "Freude, Paul"]
[Result "0-1"]
[WhiteElo "1338"]
[BlackElo "1491"]
[PlyCount "108"]
[EventDate "2019.12.27"]
[EventType "team-swiss"]
[EventRounds "7"]
[EventCountry "GER"]
[SourceTitle "CBM 194 Extra"]
[Source "ChessBase"]
[SourceDate "2020.03.31"]
[SourceVersion "1"]
[SourceVersionDate "2020.03.31"]
[SourceQuality "1"]
[WhiteTeam "Halle Roter Turm"]
[BlackTeam "Berlin Empor"]
[WhiteTeamCountry "GER"]
[BlackTeamCountry "GER"]

1. d4 Nf6 2. Bf4 d5 3. Nf3 c5 4. dxc5 Nc6 5. c3 e6 6. e3 Bxc5 7. Nbd2 0-0 8. Bd3 Bd7 9. Qc2 h6 10. h3 Rc8 11. g4 Re8 12. g5 hxg5 13. Nxg5 e5 14. Bg3 e4 15. Be2 a6 16. Nb3 Ba7 17. Bf4 Bb8 18. Bxb8 Rxb8 19. Qd2 Qe7 20. h4 Be6 21. Nxe6 Qxe6 22. h5 Qd6 23. f3 Qg3+ 24. Kd1 exf3 25. Bd3 f2 26. Rf1 Qxe3 27. Kc2 Qxd2+ 28. Kxd2 Nxh5 29. Rxf2 g6 30. Raf1 Re7 31. Rg2 Rbe8 32. Rf5 Kh8 33. Rf1 Ne5 34. Rgf2 Nxd3 35. Kxd3 f6 36. Rh2 Kg7 37. Kd4 Re5 38. Nc5 Ng3 39. Rff2 Nf5+ 40. Kd3 Re3+ 41. Kc2 R8e7 42. Rd2 R3e5 43. Rh3 Ne3+ 44. Kb3 Nc4 45. Rd4 Rc7 46. Nd3 Re3 47. Rxe3 Nxe3 48. Nf4 g5 49. Nxd5 Nxd5 50. Rxd5 g4 51. Rd3 Kg6 52. Kc2 Kg5 53. Kd2 Re7 54. Rd5+ f5 0-1

[Event "GER-ch U10"]
[Site "Willingen"]
[Date "2019.06.14"]
[Round "10"]
[White "Freude, Paul"]
[Black "Dordevic, Tom"]
[Result "1/2-1/2"]
[WhiteElo "1713"]
[BlackElo "1158"]
[PlyCount "79"]
[EventDate "2019.06.08"]
[EventType "swiss"]
[EventRounds "11"]
[EventCountry "GER"]
[SourceTitle "CBM 191 Extra"]
[Source "ChessBase"]
[SourceDate "2019.09.30"]
[SourceVersion "1"]
[SourceVersionDate "2019.09.30"]
[SourceQuality "1"]

1. e4 e5 2. Nf3 Nc6 3. d4 exd4 4. Bc4 Nf6 5. 0-0 Bc5 6. e5 d5 7. exf6 dxc4 8. fxg7 Rg8 9. Re1+ Be7 10. Qd2 Rxg7 11. Qh6 Rg6 12. Qxh7 Be6 13. Qh8+ Kd7 14. Qxd8+ Rxd8 15. Bf4 Bd5 16. Nbd2 Rdg8 17. g3 Bf6 18. Ne5+ Nxe5 19. Bxe5 Bxe5 20. Rxe5 Kd6 21. Rae1 Re6 22. Rxe6+ Bxe6 23. Ne4+ Kc6 24. Rd1 Rd8 25. h4 Bf5 26. f3 Kd5 27. Re1 Bxe4 28. Rxe4 d3 29. c3 c5 30. Re1 Rd6 31. Kf2 b5 32. Ke3 Kc6 33. Kd2 b4 34. cxb4 cxb4 35. Re4 Kc5 36. Re5+ Rd5 37. Rxd5+ Kxd5 38. h5 Ke6 39. g4 Kf6 40. h6 1/2-1/2

[Event "GER-ch U10"]
[Site "Willingen"]
[Date "2019.06.12"]
[Round "7"]
[White "Freude, Paul"]
[Black "Li, David1111"]
[Result "1-0"]
[WhiteElo "1713"]
[BlackElo "1418"]
[PlyCount "133"]
[EventDate "2019.06.08"]
[EventType "swiss"]
[EventRounds "11"]
[EventCountry "GER"]
[SourceTitle "CBM 191 Extra"]
[Source "ChessBase"]
[SourceDate "2019.09.30"]
[SourceVersion "1"]
[SourceVersionDate "2019.09.30"]
[SourceQuality "1"]

1. e4 c6 2. d4 d5 3. exd5 cxd5 4. Bd3 Nc6 5. c3 Nf6 6. Bf4 Bg4 7. Qb3 Qd7 8. Nd2 e6 9. Ngf3 Be7 10. Ne5 Qc8 11. 0-0 0-0 12. Rae1 Nh5 13. Nxc6 Qxc6 14. Be5 Nf6 15. c4 b6 16. Qc2 dxc4 17. Bxf6 Bxf6 18. Bxh7+ Kh8 19. Be4 Qc7 20. Bxa8 Rxa8 21. Qe4 Rd8 22. Qxg4 Rxd4 23. Qe2 Qd7 24. Nxc4 Rh4 25. Ne5 Qc7 26. Nf3 Rc4 27. Qe3 Bxb2 28. Rd1 Rc5 29. Qd2 Bf6 30. Rc1 Bc3 31. Qe3 Bb4 32. Rxc5 Bxc5 33. Qe4 Qd8 34. Qh4+ Qxh4 35. Nxh4 Kh7 36. Rd1 f6 37. Re1 e5 38. Rd1 a5 39. Rd7 Kh6 40. Nf5+ Kg6 41. Nxg7 b5 42. Rd5 Bb4 43. Ne8 Kf7 44. Nc7 Ke7 45. Nxb5 Ke6 46. Rd1 Bf8 47. Nc7+ Kf5 48. f3 Bb4 49. a4 Bf8 50. Na6 Bh6 51. Kf2 Bf4 52. g3 Bh6 53. Rd5 Ke6 54. Nc7+ Ke7 55. Rxa5 Kd7 56. Nd5 Ke6 57. Ne3 Kf7 58. Ra8 Ke7 59. a5 Kf7 60. a6 Bxe3+ 61. Kxe3 f5 62. a7 Kg6 63. Rg8+ Kh5 64. a8Q f4+ 65. Ke4 fxg3 66. Kf5 g2 67. Rh8# 1-0